A conceptual framework for the development lifelong education in the USSR (Record no. 10676)

MARC details
000 -CABECERA
campo de control de longitud fija 00836nam a2200241 a 4500
005 - FECHA Y HORA DE LA ÚLTIMA TRANSACCIÓN
campo de control 20250312063753.0
008 - ELEMENTOS DE LONGITUD FIJA--INFORMACIÓN GENERAL
campo de control de longitud fija 991125s1987 fr 000 0 eng u
020 ## - NÚMERO INTERNACIONAL NORMALIZADO PARA LIBROS
Número Internacional Estándar del Libro 9280311271
035 ## - NÚMERO DE CONTROL DEL SISTEMA
Número de control de sistema UPN01000010676
040 ## - FUENTE DE LA CATALOGACIÓN
Centro catalogador/agencia de origen MX-MxUPN
Lengua de catalogación spa
Centro/agencia transcriptor MX-MxUPN
049 ## - COLECCIÓN
Colección UNE
050 #4 - SIGNATURA TOPOGRÁFICA DE LA BIBLIOTECA DEL CONGRESO
Número de clasificación LB2097
Número de documento/Ítem V4.3
100 1# - ASIENTO PRINCIPAL--NOMBRE PERSONAL
Nombre de persona Vladislavlev, Alexandre Pavlovich,
Fechas asociadas al nombre 1936-
9 (RLIN) 40389
245 12 - MENCIÓN DE TÍTULO
Título A conceptual framework for the development lifelong education in the USSR
260 ## - PUBLICACIÓN, DISTRIBUCIÓN, ETC.
Lugar de publicación, distribución, etc. París :
Nombre del editor, distribuidor, etc. UNESCO International Institute for Educational Planning,
Fecha de publicación, distribución, etc. 1987
300 ## - DESCRIPCIÓN FÍSICA
Extensión 111 páginas
490 ## - MENCIÓN DE SERIE
Mención de serie Fundamentals of educational planning ;
Designación de volumen o secuencia 35
500 ## - NOTA GENERAL
Nota general Existe un ejemplar en Colección General
650 #2 - ASIENTO SECUNDARIO DE MATERIA - TERMINO TEMATICO
Término de materia o nombre geográfico como elemento de entrada Educación permanente -
Subdivisión geográfica Rusia (Federación)
9 (RLIN) 25814
902 ## - ELEMENTOS DE DATOS B LOCAL, LDB (RLIN)
Modificó Maiella Martínez / 11032025
905 ## - TIPO DE MATERIAL
Tipo de material Libro
942 ## - ELEMENTOS DE PUNTO DE ACCESO ADICIONAL (KOHA)
Fuente del sistema de clasificación o colocación Library of Congress Classification
Tipo de ítem Koha Libro
Holdings
Estado de retiro Estado de pérdida Fuente del sistema de clasificación o colocación Estado dañado No para préstamo Código de colección Localización permanente Ubicación/localización actual Ubicación en estantería Fecha de adquisición Enumeración/cronología de publicación seriada Clasificación Código de barras Fecha visto por última vez Número de copia Tipo de ítem Koha Total de préstamos
    Library of Congress Classification   Disponible (Préstamo en sala) UNESCO Bib. Gregorio Torres Quintero Bib. Gregorio Torres Quintero Colecciones especiales Planta alta 03/02/2023 Donación UNESCO LB2097 V4.3 U7847 31/12/2020 1 Libro  
    Library of Congress Classification     Colección General Bib. Gregorio Torres Quintero Bib. Gregorio Torres Quintero Planta baja     LB2097 V4.3 123226 31/12/2020 1 Libro